[Event "POL-ch Blitz U18"]
[Site "Bydgoszcz"]
[Date "2023.08.31"]
[Round "1"]
[White "Pycinski, Wladyslaw"]
[Black "Korzeniak, Mateusz"]
[Result "1-0"]
[WhiteElo "1953"]
[BlackElo "1229"]
[PlyCount "40"]
[EventDate "2023.08.28"]
[EventType "swiss"]
[EventRounds "10"]
[EventCountry "POL"]
[SourceTitle "EXT 2024"]
[Source "ChessBase"]
[SourceDate "2023.10.10"]
[SourceVersion "1"]
[SourceVersionDate "2023.10.10"]
[SourceQuality "1"]

1. e4 e6 2. d4 d5 3. Nd2 Nf6 4. e5 Nfd7 5. Bd3 c5 6. c3 Nc6 7. Ne2 Be7 8. 0-0 Qb6 9. Nf3 0-0 10. a3 c4 11. Bc2 Na5 12. Rb1 f6 13. exf6 Bxf6 14. Ng3 Qd6 15. Re1 b5 16. Ng5 Bxg5 17. Bxg5 Nf6 18. Nh5 Nxh5 19. Qxh5 h6 20. Bxh6 gxh6 1-0

[Event "Ustron op-B"]
[Site "Ustron"]
[Date "2023.08.14"]
[Round "4"]
[White "Pycinski, Wladyslaw"]
[Black "Sieber, Martin"]
[Result "1-0"]
[WhiteElo "1953"]
[BlackElo "2040"]
[PlyCount "57"]
[EventDate "2023.08.11"]
[EventType "swiss"]
[EventRounds "9"]
[EventCountry "POL"]
[SourceTitle "CBM 215 Extra"]
[Source "ChessBase"]
[SourceDate "2023.09.30"]
[SourceVersion "1"]
[SourceVersionDate "2023.09.30"]
[SourceQuality "1"]

1. e4 c6 2. Nf3 d5 3. d3 Bg4 4. h3 Bh5 5. Qe2 e6 6. g4 Bg6 7. Nbd2 Nd7 8. h4 h5 9. g5 Qc7 10. b3 dxe4 11. dxe4 Ne7 12. Bb2 f6 13. Bh3 e5 14. 0-0-0 Nb6 15. Nc4 Nec8 16. Ncxe5 fxe5 17. Nxe5 Ne7 18. Bd7+ Nxd7 19. Rxd7 Qb6 20. Rxe7+ Bxe7 21. Nxg6 Rf8 22. Nxf8 Bxf8 23. Qxh5+ Ke7 24. g6 Rd8 25. Ba3+ Kd7 26. Rd1+ Kc8 27. Qf5+ Kb8 28. Rxd8+ Qxd8 29. Qxf8 1-0

[Event "Ustron op-B"]
[Site "Ustron"]
[Date "2023.08.12"]
[Round "2"]
[White "Pycinski, Wladyslaw"]
[Black "Posluszny, Tomasz"]
[Result "1-0"]
[WhiteElo "1953"]
[BlackElo "2023"]
[PlyCount "81"]
[EventDate "2023.08.11"]
[EventType "swiss"]
[EventRounds "9"]
[EventCountry "POL"]
[SourceTitle "CBM 215 Extra"]
[Source "ChessBase"]
[SourceDate "2023.09.30"]
[SourceVersion "1"]
[SourceVersionDate "2023.09.30"]
[SourceQuality "1"]

1. e4 c5 2. Nf3 d6 3. d4 cxd4 4. Nxd4 Nf6 5. Nc3 a6 6. Bg5 Nbd7 7. Bc4 Qb6 8. Bb3 e6 9. Be3 Nc5 10. Qf3 Qc7 11. g4 h6 12. h4 b5 13. g5 hxg5 14. hxg5 Rxh1+ 15. Qxh1 Ng4 16. Bc1 b4 17. Nce2 Nxb3 18. axb3 g6 19. f3 Ne5 20. Be3 Nc6 21. c3 Nxd4 22. Bxd4 e5 23. Be3 bxc3 24. bxc3 Be6 25. c4 Qb7 26. Nc1 a5 27. Qh2 Qb4+ 28. Qd2 Qxd2+ 29. Kxd2 Be7 30. Nd3 Kd7 31. Kc2 Bd8 32. Nb4 Rc8 33. Nd5 Bxd5 34. exd5 Ke7 35. Bd2 Rc5 36. Kd3 Bb6 37. Be3 f6 38. gxf6+ Kxf6 39. Bxc5 Bxc5 40. Rxa5 Kf5 41. Ra8 1-0

[Event "EU-ch Blitz"]
[Site "Katowice"]
[Date "2022.12.16"]
[Round "21"]
[White "Kubicka, Anna"]
[Black "Pycinski, Wladyslaw"]
[Result "0-1"]
[WhiteElo "2217"]
[BlackElo "1867"]
[PlyCount "182"]
[EventDate "2022.12.16"]
[EventType "swiss (blitz)"]
[EventRounds "22"]
[EventCountry "POL"]
[SourceTitle "CBM 211 Extra"]
[Source "ChessBase"]
[SourceDate "2023.01.31"]
[SourceVersion "1"]
[SourceVersionDate "2023.01.31"]
[SourceQuality "1"]

1. e4 c5 2. Ne2 Nc6 3. g3 g6 4. Bg2 Bg7 5. 0-0 e5 6. d3 Nge7 7. Nbc3 0-0 8. Be3 d6 9. Qd2 Nd4 10. f4 f5 11. Rae1 Be6 12. a3 Qd7 13. Kh1 Rae8 14. fxe5 Nxe2 15. Rxe2 Bxe5 16. Bh6 Bg7 17. Bxg7 Kxg7 18. e5 Nc6 19. exd6 Qxd6 20. Nb5 Qd7 21. Rfe1 a6 22. Qc3+ Nd4 23. Nxd4 cxd4 24. Qc5 Bf7 25. Rxe8 Rxe8 26. Rxe8 Bxe8 27. Qe5+ Kg8 28. Qd5+ Kg7 29. Qxd7+ Bxd7 30. Bxb7 a5 31. Bd5 Kf6 32. Kg2 Ke5 33. Bg8 h6 34. Kf3 Bc6+ 35. Kf2 g5 36. c3 a4 37. c4 Kd6 38. Bh7 Bd7 39. Bg6 Kc5 40. Bf7 Kd6 41. Bd5 Kc5 42. Kf3 Kd6 43. h4 Kc5 44. hxg5 hxg5 45. Kf2 Kd6 46. Ke2 Kc5 47. Kd2 Bc8 48. Kc2 Bd7 49. b3 axb3+ 50. Kxb3 f4 51. gxf4 gxf4 52. Bf3 Bf5 53. Kc2 Bd7 54. Kd2 Bf5 55. Ke2 Bd7 56. Be4 Bg4+ 57. Kf2 Bh5 58. Bf3 Be8 59. Be4 Bh5 60. Bf5 Bd1 61. Bg6 Bg4 62. Be4 Bd1 63. Bf3 Bc2 64. Be2 Kd6 65. Kf3 Ke5 66. Kg4 Ba4 67. Bf3 Bc2 68. Be2 Ba4 69. Kf3 Bc6+ 70. Kf2 Kd6 71. Bd1 Kc5 72. Bf3 Be8 73. Bg4 Bc6 74. Bf5 Bb7 75. Bg6 Bc6 76. Bh5 Kb6 77. Bf3 Bd7 78. Be4 Bg4 79. Bg2 Kc5 80. Bf1 Bh5 81. Be2 Be8 82. Kg2 Bc6+ 83. Kh3 Bd7+ 84. Bg4 Bxg4+ 85. Kg2 Bd7 86. Kh2 Bg4 87. Kg2 Kd6 88. a4 Kc5 89. a5 Be2 90. Kf2 Bg4 91. a6 Kb6 0-1

[Event "POL-ch U20"]
[Site "Karpacz"]
[Date "2022.11.22"]
[Round "4"]
[White "Pycinski, Wladyslaw"]
[Black "Boryna, Szymon"]
[Result "1-0"]
[WhiteElo "1729"]
[BlackElo "1484"]
[PlyCount "55"]
[EventDate "2022.11.19"]
[EventType "swiss"]
[EventRounds "9"]
[EventCountry "POL"]
[SourceTitle "EXT 2024"]
[Source "ChessBase"]
[SourceDate "2023.10.10"]
[SourceVersion "1"]
[SourceVersionDate "2023.10.10"]
[SourceQuality "1"]

1. d4 d5 2. Nf3 Nf6 3. g3 c5 4. Bg2 e6 5. 0-0 cxd4 6. Nxd4 e5 7. Nb3 Be6 8. Bg5 Nbd7 9. Nc3 h6 10. Bxf6 Nxf6 11. e4 d4 12. Nd5 Be7 13. Nxf6+ Bxf6 14. Nc5 Bc4 15. Nd3 0-0 16. f4 Bxd3 17. cxd3 Rc8 18. Qh5 Qe7 19. Rac1 Qb4 20. Rxc8 Rxc8 21. fxe5 Bg5 22. Qxf7+ Kh8 23. Bh3 Be3+ 24. Kh1 Rc2 25. Qe8+ Kh7 26. Bf5+ g6 27. Qxg6+ Kh8 28. Qh7# 1-0

[Event "POL-ch U20"]
[Site "Karpacz"]
[Date "2022.11.19"]
[Round "1"]
[White "Janeczko, Jakub"]
[Black "Pycinski, Wladyslaw"]
[Result "1-0"]
[WhiteElo "2207"]
[BlackElo "1729"]
[PlyCount "119"]
[EventDate "2022.11.19"]
[EventType "swiss"]
[EventRounds "9"]
[EventCountry "POL"]
[SourceTitle "EXT 2024"]
[Source "ChessBase"]
[SourceDate "2023.10.10"]
[SourceVersion "1"]
[SourceVersionDate "2023.10.10"]
[SourceQuality "1"]

1. e4 c5 2. Nf3 g6 3. c3 d5 4. e5 Nc6 5. d4 Bg4 6. Nbd2 cxd4 7. cxd4 Qb6 8. Bd3 e6 9. 0-0 Nge7 10. h3 Bf5 11. Nb3 Bxd3 12. Qxd3 Bg7 13. Bg5 h6 14. Bd2 0-0 15. a4 Rfc8 16. Qb5 Qd8 17. Nc5 a6 18. Qd3 Nf5 19. b4 b6 20. Nb3 Nh4 21. Nxh4 Qxh4 22. b5 axb5 23. axb5 Ne7 24. f4 Nf5 25. Be1 Qd8 26. g4 Rxa1 27. Nxa1 Ne7 28. Nc2 Rc4 29. Ne3 Rc1 30. Bb4 Rxf1+ 31. Kxf1 Nc8 32. f5 gxf5 33. gxf5 Qg5 34. f6 Qf4+ 35. Ke2 Qh2+ 36. Kd1 Qg1+ 37. Kc2 Bf8 38. Bxf8 Kxf8 39. Qc3 Na7 40. Qc7 Kg8 41. Qe7 Qg6+ 42. Kd2 Nxb5 43. Qe8+ Kh7 44. Qxb5 Qe4 45. Qd3 Qxd3+ 46. Kxd3 Kg6 47. Kc3 Kg5 48. Nxd5 exd5 49. Kb4 h5 50. Kb5 h4 51. Kxb6 Kf5 52. Kc5 Kf4 53. e6 Kg3 54. exf7 Kxh3 55. f8Q Kh2 56. Qd6+ Kh1 57. Qxd5+ Kh2 58. f7 h3 59. Qh5 Kg2 60. Qxh3+ 1-0

[Event "Ustron op-C"]
[Site "Ustron"]
[Date "2021.08.19"]
[Round "8"]
[White "Trela, Konrad"]
[Black "Pycinski, Wladyslaw"]
[Result "0-1"]
[WhiteElo "1397"]
[BlackElo "1536"]
[PlyCount "98"]
[EventDate "2021.08.13"]
[EventType "swiss"]
[EventRounds "9"]
[EventCountry "POL"]
[SourceTitle "EXT 2022"]
[Source "ChessBase"]
[SourceDate "2021.10.06"]
[SourceVersion "1"]
[SourceVersionDate "2021.10.06"]
[SourceQuality "1"]

1. e4 c5 2. Nf3 g6 3. d4 cxd4 4. Nxd4 Nc6 5. Nc3 Bg7 6. Nde2 Nf6 7. g3 b5 8. Bg2 Rb8 9. 0-0 0-0 10. Nd5 d6 11. h3 Na5 12. Rb1 Be6 13. Bg5 Bxd5 14. exd5 h6 15. Be3 Qc7 16. b3 Nd7 17. Qd2 Kh7 18. c3 a6 19. Bd4 Nf6 20. Rbd1 Rbc8 21. Qe3 Nb7 22. Rfe1 Nc5 23. Nf4 Rfe8 24. g4 Nfd7 25. Bxg7 Kxg7 26. Qg3 Ne5 27. h4 Ncd7 28. Re3 Qa5 29. Rd2 Qc7 30. Rde2 Nb6 31. Nh3 Qd8 32. f4 Ned7 33. f5 gxf5 34. gxf5+ Kh7 35. Qf3 Nf6 36. Nf4 Nbd7 37. Nh5 Ne5 38. Nxf6+ exf6 39. Qh5 Qd7 40. Kh2 Rg8 41. Bf3 Rce8 42. Re4 Qa7 43. R2e3 Rc8 44. Bg2 Ng4+ 45. Rxg4 Rxg4 46. Rd3 Rcg8 47. Rd2 Qe3 48. Qxf7+ R8g7 49. Qxf6 Qxd2 0-1

[Event "POL-ch U12"]
[Site "Uniejow"]
[Date "2021.07.25"]
[Round "9"]
[White "Pycinski, Wladyslaw"]
[Black "Przybylski, Jan"]
[Result "1-0"]
[WhiteElo "1502"]
[BlackElo "1578"]
[PlyCount "121"]
[EventDate "2021.07.18"]
[EventType "swiss"]
[EventRounds "9"]
[EventCountry "POL"]
[SourceTitle "EXT 2022"]
[Source "ChessBase"]
[SourceDate "2021.10.06"]
[SourceVersion "1"]
[SourceVersionDate "2021.10.06"]
[SourceQuality "1"]

1. d4 d5 2. Nf3 Nf6 3. g3 Bf5 4. Bg2 e6 5. 0-0 Be7 6. c4 c6 7. Nc3 0-0 8. Nd2 Nbd7 9. e4 dxe4 10. Ndxe4 Nxe4 11. Nxe4 Nf6 12. Nc3 Qc7 13. Qb3 Rfd8 14. Rd1 Rd7 15. Bf4 Qb6 16. Qxb6 axb6 17. d5 cxd5 18. cxd5 exd5 19. Nxd5 Nxd5 20. Rxd5 Rxd5 21. Bxd5 Bf6 22. Bxb7 Ra7 23. Bd5 Bxb2 24. Re1 h6 25. Re8+ Kh7 26. Be3 Rd7 27. Be4 Bxe4 28. Rxe4 Rd1+ 29. Kg2 b5 30. Rb4 Bc3 31. Rxb5 Ra1 32. Rb3 Be5 33. Ra3 g5 34. Ra7 Kg6 35. a4 g4 36. h4 h5 37. a5 Ra4 38. Ra8 Bd4 39. Bxd4 Rxd4 40. Ra6+ Kg7 41. Rb6 Ra4 42. a6 Ra1 43. Rc6 Kh7 44. Rc5 Kg6 45. Rc6+ Kh7 46. Rf6 Kg7 47. Rd6 Kh7 48. Rd7 Kg7 49. a7 Kg6 50. Rb7 Kg7 51. f4 Ra2+ 52. Kf1 Kg6 53. Ke1 Kg7 54. Kd1 Kg6 55. Kc1 Kg7 56. Kb1 Ra4 57. Kb2 Kg6 58. Kb3 Ra1 59. Kc4 Ra4+ 60. Kb5 Ra1 61. Kc6 1-0

[Event "POL-ch U12"]
[Site "Uniejow"]
[Date "2021.07.20"]
[Round "3"]
[White "Pycinski, Wladyslaw"]
[Black "Zielonka, Adam"]
[Result "1/2-1/2"]
[WhiteElo "1502"]
[BlackElo "1806"]
[PlyCount "61"]
[EventDate "2021.07.18"]
[EventType "swiss"]
[EventRounds "9"]
[EventCountry "POL"]
[SourceTitle "EXT 2022"]
[Source "ChessBase"]
[SourceDate "2021.10.06"]
[SourceVersion "1"]
[SourceVersionDate "2021.10.06"]
[SourceQuality "1"]

1. d4 Nf6 2. Nf3 e6 3. g3 c5 4. Bg2 cxd4 5. Nxd4 d5 6. 0-0 e5 7. Nf3 Nc6 8. Bg5 Be7 9. e3 0-0 10. c4 dxc4 11. Qa4 Be6 12. Nfd2 h6 13. Bxf6 Bxf6 14. Nxc4 Rc8 15. Rd1 Qc7 16. Nc3 a6 17. Nd6 Rcd8 18. Nxb7 Qxb7 19. Qxc6 Qxb2 20. Nd5 Bxd5 21. Bxd5 Qb5 22. Qxb5 axb5 23. Rab1 Rb8 24. Bc6 b4 25. Ba4 Rb7 26. Bb3 Rc8 27. Rbc1 Rxc1 28. Rxc1 g6 29. Kf1 Kf8 30. Ke2 Ke7 31. Rc2 1/2-1/2

[Event "POL-ch U12"]
[Site "Uniejow"]
[Date "2021.07.19"]
[Round "1"]
[White "Pycinski, Wladyslaw"]
[Black "Tim, Wojciech"]
[Result "1/2-1/2"]
[WhiteElo "1502"]
[BlackElo "1245"]
[PlyCount "107"]
[EventDate "2021.07.18"]
[EventType "swiss"]
[EventRounds "9"]
[EventCountry "POL"]
[SourceTitle "EXT 2022"]
[Source "ChessBase"]
[SourceDate "2021.10.06"]
[SourceVersion "1"]
[SourceVersionDate "2021.10.06"]
[SourceQuality "1"]

1. d4 d5 2. Nf3 e6 3. g3 c6 4. Bg2 Bd6 5. 0-0 f5 6. c4 Nf6 7. b3 0-0 8. Ba3 Bxa3 9. Nxa3 Bd7 10. Nc2 Be8 11. Nb4 Bh5 12. Ne5 Nbd7 13. Nbd3 Nxe5 14. Nxe5 Nd7 15. Nd3 g5 16. Qd2 Qf6 17. e3 Rac8 18. Rfe1 Kh8 19. Rac1 Rg8 20. Kh1 Bf7 21. Qb4 Rc7 22. Qd6 Rgc8 23. cxd5 exd5 24. Qxf6+ Nxf6 25. Ne5 Be6 26. Rc2 Nd7 27. Nxd7 Rxd7 28. b4 Re8 29. a4 a6 30. Rb2 a5 31. b5 Rc7 32. bxc6 bxc6 33. Rc1 Ra8 34. Rb6 Raa7 35. Bf3 g4 36. Be2 Bd7 37. Rc5 Kg7 38. Kg2 Kf6 39. Kf1 Ke7 40. Ke1 Kd6 41. Kd2 Be8 42. Rb8 Bg6 43. Bd3 Ke7 44. Kc3 Kd7 45. Rb6 Kd6 46. Ba6 Be8 47. Rxa5 Re7 48. Rc5 Kc7 49. a5 Bd7 50. Kb4 Re6 51. Bd3 Rh6 52. Ka4 Rxh2 53. Rb2 Rh1 54. Ra2 1/2-1/2

[Event "POL-chT U20 2nd League"]
[Site "Sypniewo"]
[Date "2020.??.??"]
[Round "4.40"]
[White "Pycinski, Wladyslaw"]
[Black "Lapczynski, Jacek"]
[Result "1-0"]
[WhiteElo "1149"]
[BlackElo "1212"]
[PlyCount "67"]
[EventDate "2020.10.23"]
[EventType "team-swiss"]
[EventRounds "9"]
[EventCountry "POL"]
[SourceTitle "CBM 199 Extra"]
[Source "ChessBase"]
[SourceDate "2021.01.31"]
[SourceVersion "1"]
[SourceVersionDate "2021.01.31"]
[SourceQuality "1"]

1. d4 d5 2. Nf3 Nf6 3. g3 e6 4. Bg2 Bd6 5. 0-0 0-0 6. c4 c6 7. Qc2 Nbd7 8. Nbd2 Re8 9. e4 dxe4 10. Nxe4 Nxe4 11. Qxe4 Nf6 12. Qc2 h6 13. b3 Bd7 14. Bb2 Qc7 15. Rad1 Rad8 16. Rfe1 b5 17. Qd2 Qb8 18. Bc3 Rc8 19. d5 Be7 20. d6 Bd8 21. Qe2 b4 22. Bb2 a5 23. Ne5 Qb7 24. Nd3 Kh8 25. Bd4 Bb6 26. Bxf6 gxf6 27. Qh5 Kg7 28. Re4 f5 29. Ne5 Rf8 30. Rh4 Kf6 31. Qxh6+ Kxe5 32. Qf4+ Kf6 33. Rh6+ Kg7 34. Qg5# 1-0

[Event "POL-chT U20 2nd League"]
[Site "Sypniewo"]
[Date "2020.??.??"]
[Round "6.28"]
[White "Pycinski, Wladyslaw"]
[Black "Suszczynski, Dominik"]
[Result "1/2-1/2"]
[WhiteElo "1149"]
[BlackElo "1241"]
[PlyCount "85"]
[EventDate "2020.10.23"]
[EventType "team-swiss"]
[EventRounds "9"]
[EventCountry "POL"]
[SourceTitle "CBM 199 Extra"]
[Source "ChessBase"]
[SourceDate "2021.01.31"]
[SourceVersion "1"]
[SourceVersionDate "2021.01.31"]
[SourceQuality "1"]

1. d4 d5 2. Nf3 Nf6 3. g3 Bf5 4. Bg2 e6 5. 0-0 h6 6. c4 c6 7. Nbd2 Be7 8. b3 0-0 9. Bb2 Nbd7 10. Re1 Bh7 11. a3 Ne4 12. Nxe4 Bxe4 13. Nd2 Bxg2 14. Kxg2 Nf6 15. e4 dxe4 16. Nxe4 Re8 17. Qc2 Qc7 18. Rad1 Rad8 19. Nd2 c5 20. Nf3 cxd4 21. Nxd4 a6 22. Qe2 Rd7 23. Nf3 Red8 24. Ne5 Rxd1 25. Rxd1 Rxd1 26. Qxd1 Bxa3 27. Ba1 Bd6 28. Nd3 Nd7 29. Qg4 Ne5 30. Qd4 f6 31. c5 Qc6+ 32. Kh3 Nf3 33. Qxd6 Ng5+ 34. Kh4 Qe4+ 35. Nf4 Nf3+ 36. Kh3 Ng1+ 37. Kh4 Nf3+ 38. Kh3 Ng1+ 39. Kh4 Nf3+ 40. Kh3 Ng5+ 41. Kh4 e5 42. Qd8+ Kh7 43. Qd3 1/2-1/2